000 00555nam a22001697a 4500
003 OSt
005 20251121101132.0
008 251121b |||||||| |||| 00| 0 eng d
040 _aDWCL-Main lib
_cOC
082 _aCirc. 266 D618 2006
110 _aDivine Word Missionaries
245 _aSVD Mission 2006 :
_bprovince reports for the XVI General chapter
_cDivine Word Missionaries
260 _aRome :
_bSVD Publications,
_cc2006.
300 _a496 pages :
_billustration ;
_c22 cm.
650 _21. Catholic church-Missions.
942 _2ddc
_cBK-CIRC
_kCirc.
_n0
999 _c5970
_d5970